000 00569cam a22002171 4500
001 sa 65006887
003 DLC
005 20260227112145.0
008 890516s1964 io 000 0 ind
010 _asa 65006887
035 _a(OCoLC)23556506
040 _aDLC
_cMiU
_dDLC
042 _apremarc
043 _aa-io---
050 0 0 _aHD2083 1964
_b.L5
100 1 _aLin, Ji-tjou.
245 1 0 _aMasalah tani dalam revolusi demokratis.
260 _aDjakarta,
_bJajasan Pembaruan,
_c1964.
300 _a34 p.
_c18 cm.
650 0 _aAgriculture and state
_zIndonesia.
999 _c64927
_d64927